|
|
|
|
| LEADER |
00000nam0a2200000 4500 |
| 001 |
66789 |
| 005 |
20231101212259.0 |
| 010 |
|
|
|a 5949380339
|
| 035 |
|
|
|a (RuTPU)RU\TPU\book\71029
|
| 090 |
|
|
|a 66789
|
| 100 |
|
|
|a 20040907d2005 m y0rusy50 ca
|
| 101 |
0 |
|
|a rus
|
| 102 |
|
|
|a RU
|
| 105 |
|
|
|a a j 001zy
|
| 200 |
1 |
|
|a Управление качеством продукции. Инструменты и методы менеджмента качества
|e учебное пособие
|f С. В. Пономарев [и др.]
|
| 210 |
|
|
|a Москва
|c Стандарты и качество
|d 2005
|
| 215 |
|
|
|a 244 с.
|c ил.
|
| 225 |
1 |
|
|a Библиотека Всероссийской организации качества
|
| 320 |
|
|
|a Библиогр.: с. 237-241 (80 назв.).
|
| 330 |
|
|
|a В учебном пособии рассматриваются инструменты и методы менеджмента качества, используемые при осуществлении постоянного улучшения выполнения процессов (работ) на каждом уровне организации, проблемы проведения проверок (аудитов) систем менеджмента качества и/или систем экологического менеджмента, обсуждаются основные подходы к учету затрат, связанных с качеством. Учебное пособие предназначено для студентов, обучающихся по специальностям: 072000 — «Стандартизация и сертификация», 340100 — «Управление качеством». Может быть использовано при изучении учебных дисциплин: «Метрология, стандартизация, сертификация», «Квалиметрия и управление качеством», «Стандартизация», «Системы менеджмента качества», «Статистические методы контроля и управления качеством» и др. Учебное пособие будет полезно также студентам магистратуры, аспирантам и специалистам хозяйствующих субъектов, занимающихся вопросами менеджмента качества.
|
| 606 |
1 |
|
|a Качество продукции
|x Управление
|2 stltpush
|3 (RuTPU)RU\TPU\subj\14180
|9 40640
|
| 610 |
1 |
|
|a продукция
|
| 610 |
1 |
|
|a СМК
|
| 610 |
1 |
|
|a система менеджмента качества
|
| 610 |
1 |
|
|a система экологического менеджмента
|
| 610 |
1 |
|
|a проверка
|
| 610 |
1 |
|
|a затраты
|
| 610 |
1 |
|
|a инструменты
|
| 610 |
1 |
|
|a улучшение
|
| 610 |
1 |
|
|a контроль
|
| 610 |
1 |
|
|a анализ
|
| 610 |
1 |
|
|a учебные пособия
|
| 675 |
|
|
|a 658.562(075.8)
|v 3
|
| 701 |
|
1 |
|a Пономарев
|b С. В.
|g Сергей Васильевич
|
| 701 |
|
1 |
|a Мищенко
|b С. В.
|g Сергей Владимирович
|
| 701 |
|
1 |
|a Белобрагин
|b В. Я.
|g Виктор Яковлевич
|
| 701 |
|
1 |
|a Самородов
|b В. А.
|g Владимир Алексеевич
|
| 701 |
|
1 |
|a Герасимов
|b Б. И.
|g Борис Иванович
|
| 801 |
|
1 |
|a RU
|b 63413507
|c 20040907
|g PSBO
|
| 801 |
|
2 |
|a RU
|b 63413507
|c 20141110
|g PSBO
|
| 942 |
|
|
|c BK
|